Rozpoznaj grę po recenzji Steam #16 - Statystyki

Ogólne statystyki
  • Ten quiz został rozwiązany 4 razy
  • Średni wynik to 7 z 20
Statystyki odpowiedzi
Recenzja Tytuł % Poprawnych
Strasznie wczoraj zagrałem, rozmanazalem koty do 5 rano ale trzeba wstac na tym polega odpowiedzialnosc Mewgenics
100%
Jak nie lubiłem szczurów, tak teraz ich jeszcze bardziej nie lubię. A Plague Tale: Innocence
50%
Masterchef: Rosół Edition. W grze, która reklamuje się walką i otwartym światem, najważniejszym współczynnikiem nie jest ostrość Twojego miecza, tylko poziom ugotowanego rosołu. Crimson Desert
50%
Gra jak to w EA ma kilka problemów ale dla fanów Valcheima pozycja obowiązkowa polecam Enshrouded
50%
wymęczyło psychicznie gorzej niż związek z alternatywką, ale dla Normana Jaydena warto Heavy Rain
50%
Aby usłyszeć jak Troy Baker mówi "kiełbasa"? Warto. MOUSE: P.I. For Hire
50%
MIŁA KOLOROWA GIERKA O KONIKACH SKIEROWANA DLA NAJMŁODSZYCH POLECAM POWLEKAĆ W CAŁOŚCI SZCZEGÓLNIE DZIECIOM Pony Island
50%
masz 4 duże argumenty żeby to zagrać i 5 to rozgrywka Stellar Blade™
50%
Niby kurna mozesz byc kim chcesz a zbanowali mnie za propagowanie nienawisci do mniejszosci etnicznych Albion Online
25%
jestes w 1912 i nie obowiazuje takie cos jak ruchanie nie pelnoletnich BioShock Infinite
25%
Żyrafy są bez serca. Kenshi
25%
Zszedłem do piwnicy, zakochałem się w mojej ofierze. Zabiłem przykutą do ściany dziewczynę. A potem odpaliłem tą grę. 10/10 Slay the Princess — The Pristine Cut
25%
1.048596/1.048596 STEINS;GATE
25%
Nudny pixel hunting do dźwięków sentymentalnej muzyczki, irytująca postać dr. Wattsa. Historia zapowiadała się dobrze, ale nie miałem siły jej skończyć. To the Moon
25%
Imperator Karol Nawrocki powinien popełnić exterminatus na mieście stołecznym Warszawa w celu eksterminacji głównego gniazda heretyków Warhammer 40,000: Space Marine 2
25%
Gdy pomożesz policji w walce z gangiem zostaniesz w nagrodę zastrzelony co się zgadza bo jesteś czarny. Watch_Dogs 2
25%
the dark souls of duolingo Chants of Sennaar
0%
Najlepsza gra, na którą trzeba bezsensownie wydać czterocyfrową kwotę, w jaką grałem! Half-Life: Alyx
0%
Chciałem wprowadzić przyjazny klimat do rozmowy z panem bez koszulki mówiąc "jestem sam" żeby go rozbawić, nie wiem czemu się na mnie rzucił. No, I'm not a Human
0%
do pizdy rozjebany fnaf w ciągu 5 minut. malo kreatywna gra bo wojan na yt to w 30 minut przechodzil a ja w 30 minut mu matke wyruchalem. sory Poppy Playtime
0%
Nie znaleziono quizów pasujących do podanych kryteriów
Rozkład punktacji
Procent ludzi z każdym wynikiem
Percentyl według liczby udzielonych odpowiedzi
Twoja historia wyników
Nie rozwiązałeś tego quizu